Lucy : (Record no. 3700)

MARC details
000 -LEADER
fixed length control field 00700nam a22002297a 4500
003 - CONTROL NUMBER IDENTIFIER
control field OSt
005 - DATE AND TIME OF LATEST TRANSACTION
control field 20250716030246.0
008 - FIXED-LENGTH DATA ELEMENTS--GENERAL INFORMATION
fixed length control field 250716b |||||||| |||| 00| 0 eng d
020 ## - INTERNATIONAL STANDARD BOOK NUMBER
International Standard Book Number 0446386258
040 ## - CATALOGING SOURCE
Original cataloging agency DWCL - Main lib
Transcribing agency OC
082 ## - DEWEY DECIMAL CLASSIFICATION NUMBER
Classification number Circ. 569.9 J65l 1981
100 ## - MAIN ENTRY--PERSONAL NAME
Personal name Johanson, Donald C.
245 ## - TITLE STATEMENT
Title Lucy :
Remainder of title the beginnings of human kind/
Statement of responsibility, etc. Donald C. Johanson
260 ## - PUBLICATION, DISTRIBUTION, ETC.
Place of publication, distribution, etc. New York, N.Y :
Name of publisher, distributor, etc. Simon and Schuster
Date of publication, distribution, etc. c1981.
300 ## - PHYSICAL DESCRIPTION
Extent 409 pages ;
Dimensions 21 cm.
504 ## - BIBLIOGRAPHY, ETC. NOTE
Bibliography, etc. note Includes index.
650 ## - SUBJECT ADDED ENTRY--TOPICAL TERM
Topical term or geographic name entry element 1. Australopithecus Afarensis.
650 ## - SUBJECT ADDED ENTRY--TOPICAL TERM
Topical term or geographic name entry element 2. Fossil man-- Africa..
650 ## - SUBJECT ADDED ENTRY--TOPICAL TERM
Topical term or geographic name entry element 3. Fossil man-- Ethiopia.
700 ## - ADDED ENTRY--PERSONAL NAME
Personal name Maitland A. Edey
942 ## - ADDED ENTRY ELEMENTS (KOHA)
Source of classification or shelving scheme Dewey Decimal Classification
Koha item type Book Circulation
Call number prefix Circ.
Suppress in OPAC No
952 ## - LOCATION AND ITEM INFORMATION (KOHA)
--
Holdings
Withdrawn status Lost status Source of classification or shelving scheme Damaged status Not for loan Home library Current library Shelving location Date acquired Total Checkouts Full call number Barcode Date last seen Copy number Price effective from Koha item type Uniform Resource Identifier
    Dewey Decimal Classification     College Library College Library Circulation 07/10/2017   Circ. 569.9 J65l 1981 51510 07/16/2025 c1 07/16/2025 BK-CIRC